000 00380nam a22001457a 4500
005 20250218130514.0
008 250218b |||||||| |||| 00| 0 eng d
020 _a8170148979
050 _aHF5657
_b.4 MAH
100 _aMaheshwari
245 _aPrinciples of management accounting
260 _aNew Delhi
_bSultan Chand and Sons
_cc2003
300 _axiv,377p
942 _2lcc
_cBK
_n0
999 _c3942
_d3942